Statistics for ♫ "The Green and The Town" - Lyrics - AJR ♫

Click here to take the quiz!

General Stats

  • This quiz has been taken 45 times
    (38 since last reset)
  • The average score is 298 of 372

Answer Stats

Lyric% Correct
A
100%
a
100%
and
100%
And
100%
be
100%
green,
100%
green
100%
I
100%
the
100%
to
100%
To
100%
town
100%
We
100%
we
100%
will
100%
do
90%
no
90%
now,
90%
Now
90%
now
90%
run
90%
are
80%
giants
80%
go,
80%
it
80%
me
80%
one
80%
What
80%
what
80%
you,
80%
you
80%
among
70%
can
70%
from
70%
home
70%
know
70%
let
70%
live
70%
my
70%
never
70%
our
70%
say,
70%
say?
70%
strong
70%
without
70%
won't
70%
year
70%
at
60%
back
60%
Before
60%
blessed,
60%
But
60%
feel
60%
find
60%
grow
60%
hand,
60%
learn
60%
like
60%
search
60%
Take
60%
take
60%
them
60%
too
60%
way
60%
young
60%
across
50%
'Cause
50%
friends
50%
get
50%
good
50%
If
50%
lovers
50%
ocean
50%
sail
50%
should
50%
that
50%
would
50%
cloudy
40%
feels
40%
got
40%
help
40%
just
40%
parents
40%
pretty
40%
shoes
40%
skies
40%
ties
40%
us
40%
We'll
40%
soon
30%
suits
30%
We've
30%

Score Distribution

Percentile by Number Answered

Percent of People with Each Score

Your Score History

You have not taken this quiz since the last reset